Downtown MRT Line (Singapore) - Statistics

General Stats
  • This quiz has been taken 31 times
  • The average score is 24 of 39
Answer Stats
Hint Answer % Correct
DT 1 (BP 6) Bukit Panjang
100%
DT 5 Beauty World
90%
DT 3 Hillview
85%
DT 4 Hume
85%
DT 32 (EW 2) Tampines
85%
DT 9 (CC 19) Botanic Gardens
80%
DT 14 (EW 12) Bugis
80%
DT 19 (NE 4) Chinatown
80%
DT 25 (CG 1) Expo
80%
DT 11 (NS 21) Newton
80%
DT 10 (TE 11) Stevens
80%
DT 2 Cashew
75%
DT 33 Tampines East
75%
DT 8 Tan Kah Kee
75%
DT 27 Ubi
75%
DT 12 (NE 7) Little India
70%
DT 16 (CE 1) Bayfront
65%
DT 6 (CR 15) King Albert Park
65%
DT 15 (CC 4) Promenade
65%
DT 13 Rochor
65%
DT 7 Sixth Avenue
65%
DT 31 Tampines West
65%
DT 22 Jalan Besar
60%
DT 28 Kaki Bukit
60%
DT 21 Bencoolen
55%
DT 26 (CC10) MacPherson
55%
DT 34 Upper Changi
55%
DT 30 Bedok Reservoir
50%
DT 17 Downtown
45%
DT 20 Fort Canning
45%
DT 18 Telok Ayer
45%
DT 29 Bedok North
40%
DT 23 Bendemeer
40%
DT 37 (TE 31) [Futute} Sungei Bedok
40%
DT 25 Mattar
35%
DT 36 [Future] Xilin
30%
DE 2 (NS 6) [Future] Sungei Kadut
20%
DE 1 [Future] DE1
0%
DT 24 Geylang Bahry
0%
No matching quizzes found
Score Distribution
Percent of People with Each Score
Percentile by Number Answered
Your Score History
You have not taken this quiz